[Event "Podhale-ch 18th"]
[Site "Rabka Zdroj"]
[Date "2002.02.01"]
[Round "1"]
[White "Pulik, Krzysztof"]
[Black "Potempa, Michal"]
[Result "1/2-1/2"]
[WhiteElo "2146"]
[BlackElo "1800"]
[PlyCount "50"]
[EventDate "2002.02.01"]
[EventType "swiss"]
[EventRounds "9"]
[EventCountry "POL"]
[SourceTitle "EXT 2005"]
[Source "ChessBase"]
[SourceDate "2004.11.15"]
[SourceVersion "1"]
[SourceVersionDate "2004.11.15"]
[SourceQuality "1"]

1. e4 e5 2. f4 exf4 3. Nf3 g5 4. h4 g4 5. Ne5 h5 6. Bc4 Nh6 7. d4 d6 8. Nd3 Bg7 9. Nxf4 c6 10. Nxh5 Qa5+ 11. Nc3 Qxh5 12. Bg5 0-0 13. 0-0 Kh8 14. Be7 Re8 15. Bxd6 b5 16. Bb3 a5 17. a3 Nd7 18. g3 Bb7 19. Bf4 Nf6 20. e5 Nd5 21. Bxd5 cxd5 22. Bxh6 Bxh6 23. Rf6 Re6 24. Rxe6 fxe6 25. Qd3 b4 1/2-1/2